| 000 | 01401nam a2200253Ia 4500 | ||
|---|---|---|---|
| 999 |
_c34456 _d34456 |
||
| 001 | 205 | ||
| 003 | GE_BSU | ||
| 005 | 20220818114207.0 | ||
| 008 | 181216s1992||||ge |||||||||||||| ||geo|| | ||
| 020 | _a552001106 | ||
| 040 | _cGE_BSU | ||
| 041 | _ageo | ||
| 080 | _a811.353.1'282+811.353.1'373.21 ა-977 | ||
| 245 |
_aაჭარული დიალექტის დარგობრივი ლექსიკა : _b[სტატიების კრებული]. [კრ.] 8, ზემო აჭარის ტოპონიმია / _c მ. ქამადაძე ; საქ. სსრ მეცნ. აკად., ბათუმის სამეცნ.-კვლევ. ინ-ტი. |
||
| 264 |
_aთბილისი, _c 1992. |
||
| 300 | _a164 გვ. | ||
| 504 | _aბიბლიოგრაფია: გვ. 159-163. | ||
| 653 | _aაჭარული დიალექტი | ||
| 653 | _aქართული ენის დიალექტები | ||
| 653 | _aქართული ტოპონიმიკა | ||
| 700 |
_aქამადაძე მ. _eავტორი _98831 |
||
| 710 |
_aსაქართველოს სსრ მეცნიერებათა აკადემია. _bბათუმის სამეცნიერო-კვლევითი ინსტიტუტი. _914533 |
||
| 942 |
_cBK _2udc |
||